Captive : My Time as a Prisioner of the Taliban /

Obra en la que el periodista norteaméricano Jere van Dyk relata su experiencia tras convertirse en el 2007 en prisionero del grupo taliban.

Spremljeno u:
Bibliografski detalji
Glavni autor: Dyk, Jere Van (autor)
Format: Knjiga
Jezik:engleski
Izdano: Nueva York, EUA : Times, 2010, c2010
Teme:
Oznake: Dodaj oznaku
Bez oznaka, Budi prvi tko označuje ovaj zapis!

MARC

LEADER 00000nam^a2200000^a^4500
001 000626082
005 20260108123607.0
009 20260310134027.934
020 |a 978-0-8050-8820-4 
025 |a Donación Patricia Eugenia Ornelas Tovares, 1 ejemplar 
037 |a Acervo ITESO - Biblioteca 
041 |a ING 
082 |a 320. 95810512  |b DYK 
100 |a Dyk, Jere Van  |e (autor) 
245 1 0 |a Captive :  |b My Time as a Prisioner of the Taliban /  |c J. Van Dyk. 
264 4 |a Nueva York, EUA :  |b Times,  |c 2010, c2010 
300 |a XIII, 269 p. 
336 |a texto  |b txt  |2 rdacontenido 
337 |a sin mediación  |b n  |2 rdamedio 
338 |a volumen  |b nc  |2 rdasoporte 
520 |a Obra en la que el periodista norteaméricano Jere van Dyk relata su experiencia tras convertirse en el 2007 en prisionero del grupo taliban. 
649 |a XX 
650 |a Periodistas Norteamericanos -  |x Memorias 
650 |a Presos Políticos Norteamericanos -  |x Memorias 
650 |a Secuestros -  |z Afganistán 
650 |a Guerra y Paz -  |z Afganistán 
650 |a Relaciones Internacionales -  |z Afganistán-EUA 
650 |a Relaciones Internacionales -  |z EUA-Medio Oriente 
650 |a Política -  |z Afganistán -  |x Historia -  |y 2001-2014 
650 |a Política -  |z Medio Oriente -  |x Historia -  |y 2000-2009 
650 |a Afganistán -  |x Condiciones Políticas 
650 |a Irak -  |x Condiciones Políticas 
650 |a Medio Oriente -  |x Condiciones Políticas 
650 |a Política Internacional 
910 |a Fondo General 
920 |a Impresos - Libros 
930 |a Colección General 
905 |a 101 
901 |a 626082-10  |b IT1  |c ACC  |i D  |u 20260108 
902 |a https://opac.biblio.iteso.mx/vufind/Record/000626082